[Event "Marianske Lazne op 16th"]
[Site "Marianske Lazne"]
[Date "2017.01.23"]
[Round "3"]
[White "Gergel, Vladimir P"]
[Black "Ananya, Rishi Gupta"]
[Result "1-0"]
[WhiteElo "2181"]
[BlackElo "1655"]
[PlyCount "111"]
[EventDate "2017.01.21"]
[EventType "swiss"]
[EventRounds "9"]
[EventCountry "CZE"]
[SourceTitle "CBM 176 Extra"]
[Source "ChessBase"]
[SourceDate "2017.03.02"]
[SourceVersion "1"]
[SourceVersionDate "2017.03.02"]
[SourceQuality "1"]

1. e4 e5 2. Nf3 Nc6 3. Bb5 a6 4. Ba4 Nf6 5. Bxc6 dxc6 6. d3 Bg4 7. Be3 Bd6 8. Nbd2 Qd7 9. 0-0 0-0-0 10. Qe2 h6 11. Rfb1 g5 12. b4 Bh5 13. Qe1 Ng4 14. a4 f5 15. exf5 Qxf5 16. b5 Kd7 17. bxc6+ bxc6 18. Rb7 Nxe3 19. Qxe3 Qf4 20. Ne4 Bxf3 21. Qxf3 Qxf3 22. gxf3 Rhf8 23. Kg2 a5 24. Rab1 Ra8 25. R7b3 Rae8 26. c3 Rf4 27. Rb8 Ref8 28. Rxf8 Rxf8 29. Nd2 Rf4 30. Ne4 Rf8 31. h3 Ra8 32. Nd2 Ke6 33. Nc4 Kd5 34. Rb7 Kc5 35. Kf1 Kd5 36. Ke2 Ke6 37. Rb1 Rf8 38. Rh1 Rf4 39. Ra1 Kd7 40. Nxa5 Rh4 41. Nc4 Rxh3 42. a5 Kc8 43. Rb1 Rh2 44. Nxd6+ cxd6 45. a6 Rh4 46. a7 Ra4 47. Rb8+ Kc7 48. a8Q Rxa8 49. Rxa8 Kd7 50. Rh8 d5 51. Rxh6 c5 52. Rg6 d4 53. c4 Ke7 54. Rxg5 Kf6 55. f4 exf4 56. Rxc5 1-0

[Event "Wch Seniors 65 26th"]
[Site "Marianske Lazne"]
[Date "2016.11.29"]
[Round "10"]
[White "Gergel, Vladimir P"]
[Black "Ashby, Anthony"]
[Result "1-0"]
[WhiteElo "2201"]
[BlackElo "2074"]
[PlyCount "39"]
[EventDate "2016.11.19"]
[EventType "swiss"]
[EventRounds "11"]
[EventCountry "CZE"]
[SourceTitle "CBM 175 Extra"]
[Source "ChessBase"]
[SourceDate "2016.12.12"]
[SourceVersion "1"]
[SourceVersionDate "2016.12.12"]
[SourceQuality "1"]

1. e4 e6 2. d4 d5 3. Nc3 Bb4 4. exd5 exd5 5. Bd3 c5 6. dxc5 Bxc3+ 7. bxc3 Nc6 8. Ne2 Nge7 9. 0-0 0-0 10. Bf4 Ng6 11. Bd6 Re8 12. Nd4 a6 13. Qh5 Nce5 14. h3 Bd7 15. f4 Nxd3 16. cxd3 Nh4 17. Rae1 g6 18. Rxe8+ Bxe8 19. Qh6 Bd7 20. g4 1-0

[Event "Wch Seniors 65 26th"]
[Site "Marianske Lazne"]
[Date "2016.11.27"]
[Round "8"]
[White "Gergel, Vladimir P"]
[Black "Frick, Christoph"]
[Result "0-1"]
[WhiteElo "2201"]
[BlackElo "2275"]
[PlyCount "127"]
[EventDate "2016.11.19"]
[EventType "swiss"]
[EventRounds "11"]
[EventCountry "CZE"]
[SourceTitle "CBM 175 Extra"]
[Source "ChessBase"]
[SourceDate "2016.12.12"]
[SourceVersion "1"]
[SourceVersionDate "2016.12.12"]
[SourceQuality "1"]

1. b3 e5 2. Bb2 Nc6 3. e4 Nf6 4. d3 d5 5. Nd2 Bc5 6. h3 0-0 7. g4 dxe4 8. dxe4 Qe7 9. a3 Rd8 10. Bd3 Bd4 11. Bxd4 Nxd4 12. Ngf3 Nc6 13. Qe2 a6 14. Nc4 Nd7 15. Ne3 Nf8 16. Nd5 Qd6 17. b4 Ne6 18. c3 Ne7 19. Bc4 Ng6 20. 0-0-0 Qf8 21. Kb2 b5 22. Bb3 Bb7 23. h4 c5 24. Nb6 Ngf4 25. Qe3 Ng2 26. Qe2 Nef4 27. Qc2 c4 28. Nxa8 cxb3 29. Qxb3 Nd3+ 30. Rxd3 Rxd3 31. Nxe5 Rd2+ 32. Kc1 Rxf2 33. Nd3 Re2 34. Nb6 Bxe4 35. Nd7 Qd6 36. N7e5 Bd5 37. Qd1 Ra2 38. Kb1 Ne3 39. Qg1 Rxa3 40. Qxe3 Bxh1 41. Kb2 Ra4 42. Nc5 f6 43. Ned3 Bc6 44. Nxa4 bxa4 45. Nc5 Bb5 46. h5 h6 47. Ka3 Qe5 48. Qd2 Qg3 49. Nxa4 Qxg4 50. Qd5+ Kh7 51. Nc5 Bc4 52. Qe4+ Qxe4 53. Nxe4 f5 54. Nd2 Be2 55. Ka4 g5 56. hxg6+ Kxg6 57. c4 h5 58. Ka5 h4 59. Kxa6 h3 60. b5 h2 61. b6 h1Q 62. b7 Qc6+ 63. Ka7 Qc5+ 64. Kb8 0-1

[Event "Wch Seniors 65 26th"]
[Site "Marianske Lazne"]
[Date "2016.11.20"]
[Round "2"]
[White "Gergel, Vladimir P"]
[Black "Wheeler, Robert"]
[Result "1/2-1/2"]
[WhiteElo "2201"]
[BlackElo "2007"]
[PlyCount "102"]
[EventDate "2016.11.19"]
[EventType "swiss"]
[EventRounds "11"]
[EventCountry "CZE"]
[SourceTitle "CBM 175 Extra"]
[Source "ChessBase"]
[SourceDate "2016.12.12"]
[SourceVersion "1"]
[SourceVersionDate "2016.12.12"]
[SourceQuality "1"]

1. e4 c5 2. Nf3 e6 3. d4 cxd4 4. Nxd4 a6 5. Bd3 Qc7 6. 0-0 Nc6 7. Be3 Nge7 8. Nc3 Nxd4 9. Bxd4 Nc6 10. Be3 b5 11. a4 b4 12. Ne2 Bb7 13. f4 d6 14. Qe1 Be7 15. b3 Rc8 16. Rc1 Bf6 17. Qf2 Qb8 18. g4 Be7 19. g5 Qc7 20. Nd4 Nxd4 21. Bxd4 Qc6 22. Rce1 f6 23. Qh4 e5 24. fxe5 dxe5 25. Be3 Kd8 26. gxf6 gxf6 27. Kh1 Kc7 28. Ba7 Rcg8 29. Rf5 Rg7 30. Qf2 Bc8 31. Rf3 Rg6 32. a5 Rhg8 33. Qb6+ Qxb6 34. Bxb6+ Kb8 35. Bc4 R8g7 36. Bd5 Rg2 37. Rf2 Rxf2 38. Bxf2 Bb7 39. Rd1 Bc8 40. Rd3 Bg4 41. c4 bxc3 42. Rxc3 Bd7 43. Bb6 Bd6 44. Bd8 Rg6 45. Rf3 Bc5 46. h3 Bd4 47. Bxf6 Bxh3 48. Rxh3 Rxf6 49. Rxh7 Bc3 50. Rb7+ Kc8 51. b4 Rd6 1/2-1/2

[Event "Pardubice Infinity op 26th"]
[Site "Pardubice"]
[Date "2015.07.21"]
[Round "6"]
[White "Gergel, Vladimir P"]
[Black "Westerberg, Jonathan"]
[Result "1/2-1/2"]
[WhiteElo "2202"]
[BlackElo "2452"]
[PlyCount "65"]
[EventDate "2015.07.17"]
[EventType "swiss"]
[EventRounds "7"]
[EventCountry "CZE"]
[SourceTitle "EXT 2017"]
[Source "ChessBase"]
[SourceDate "2016.10.25"]
[SourceVersion "1"]
[SourceVersionDate "2016.10.25"]
[SourceQuality "1"]

1. Nf3 d5 2. g3 Nf6 3. Bg2 e6 4. 0-0 Be7 5. c4 0-0 6. d4 dxc4 7. Qc2 b5 8. a4 b4 9. Nbd2 Bb7 10. Nxc4 Be4 11. Qd1 c5 12. dxc5 Bxc5 13. Be3 Nbd7 14. Nfd2 Bxg2 15. Kxg2 Bxe3 16. Nxe3 Nc5 17. Ndc4 Qc7 18. Qd6 Qb7+ 19. f3 Rac8 20. Rfd1 Nb3 21. Rab1 Nd5 22. Qe5 Nxe3+ 23. Qxe3 Rxc4 24. Qxb3 Qc7 25. Rd2 Rc8 26. Rbd1 g6 27. Qe3 Qc5 28. Qh6 Qf8 29. Qg5 R4c5 30. Qh4 Rh5 31. Qf6 Rf5 32. Qh4 Rh5 33. Qf6 1/2-1/2

[Event "Wch Seniors 65 24th"]
[Site "Katerini"]
[Date "2014.11.04"]
[Round "11"]
[White "Filipenko, Alexander V"]
[Black "Gergel, Vladimir P"]
[Result "1-0"]
[WhiteElo "2292"]
[BlackElo "2202"]
[PlyCount "84"]
[EventDate "2014.10.24"]
[EventType "swiss"]
[EventRounds "11"]
[EventCountry "GRE"]
[SourceTitle "EXT 2015"]
[Source "ChessBase"]
[SourceDate "2014.11.20"]
[SourceVersion "1"]
[SourceVersionDate "2014.11.20"]
[SourceQuality "1"]

1. e4 c5 2. Nf3 e6 3. d4 cxd4 4. Nxd4 Nc6 5. Nc3 Qc7 6. f4 a6 7. Nxc6 Qxc6 8. Bd3 b5 9. Qe2 Bb7 10. Bd2 Ne7 11. a3 Ng6 12. h4 b4 13. axb4 Bxb4 14. h5 Ne7 15. 0-0-0 Rb8 16. g4 Qb6 17. Be3 Qa5 18. Bd4 0-0 19. h6 g6 20. Nb1 Nc6 21. Bg7 Rfe8 22. c3 Be7 23. Bc2 Qa2 24. b4 d6 25. Rd2 e5 26. Bd1 Qe6 27. f5 Qc8 28. Bb3 Nd4 29. Rxd4 exd4 30. Bxd4 d5 31. fxg6 Bg5+ 32. Kb2 fxg6 33. Qg2 Rf8 34. exd5 Bf6 35. Rd1 Bxd4 36. Rxd4 Qd7 37. Nd2 a5 38. Ne4 axb4 39. cxb4 Kh8 40. Qg3 Rbe8 41. Qc3 Qe7 42. d6 Qe5 1-0

[Event "Wch Seniors 65 24th"]
[Site "Katerini"]
[Date "2014.10.29"]
[Round "6"]
[White "Gergel, Vladimir P"]
[Black "Suba, Mihai"]
[Result "0-1"]
[WhiteElo "2202"]
[BlackElo "2341"]
[PlyCount "76"]
[EventDate "2014.10.24"]
[EventType "swiss"]
[EventRounds "11"]
[EventCountry "GRE"]
[SourceTitle "EXT 2015"]
[Source "ChessBase"]
[SourceDate "2014.11.20"]
[SourceVersion "1"]
[SourceVersionDate "2014.11.20"]
[SourceQuality "1"]

1. e4 c5 2. Nf3 d6 3. d4 Nf6 4. Nc3 cxd4 5. Nxd4 e6 6. Bc4 Be7 7. Bb3 Na6 8. f4 Nc5 9. Qf3 a5 10. a4 0-0 11. Be3 e5 12. Nf5 Bxf5 13. exf5 Nxb3 14. cxb3 Qd7 15. fxe5 dxe5 16. 0-0 Qc6 17. Qe2 Bc5 18. Kh1 Bxe3 19. Qxe3 Rfe8 20. Rac1 Rad8 21. h3 e4 22. Nb5 Qd7 23. Rc2 Qd3 24. Qxd3 exd3 25. Rcc1 Re2 26. Kg1 Rxb2 27. Rb1 Rxb1 28. Rxb1 d2 29. Rd1 Ne4 30. Kf1 Rd3 31. Ke2 Rxb3 32. Ra1 h5 33. h4 Kf8 34. Rg1 Ke7 35. g4 hxg4 36. h5 Kf6 37. Ra1 Rh3 38. Rg1 Kxf5 0-1

[Event "Pardubice op rap 25th"]
[Site "Pardubice"]
[Date "2014.07.16"]
[Round "1"]
[White "Gergel, Vladimir P"]
[Black "Teske, Henrik"]
[Result "1/2-1/2"]
[WhiteElo "2227"]
[BlackElo "2512"]
[PlyCount "125"]
[EventDate "2014.07.16"]
[EventType "swiss (rapid)"]
[EventRounds "9"]
[EventCountry "CZE"]
[SourceTitle "EXT 2015"]
[Source "ChessBase"]
[SourceDate "2014.11.20"]
[SourceVersion "1"]
[SourceVersionDate "2014.11.20"]
[SourceQuality "1"]

1. e4 c6 2. c4 e5 3. Nc3 Bc5 4. Nf3 d6 5. d3 Nf6 6. h3 0-0 7. Be2 b5 8. 0-0 bxc4 9. dxc4 h6 10. a3 a5 11. Qc2 Be6 12. Na4 Nbd7 13. Be3 Bxe3 14. fxe3 Nb6 15. Nxb6 Qxb6 16. c5 Qxc5 17. Qxc5 dxc5 18. Nxe5 Rfb8 19. Nxc6 Rxb2 20. Bf3 Ra6 21. Ne7+ Kf8 22. Nd5 Nd7 23. Rfb1 Rxb1+ 24. Rxb1 g6 25. Kf2 Ne5 26. Be2 c4 27. Rb5 Bd7 28. Rc5 Rc6 29. Rxa5 c3 30. Nxc3 Rxc3 31. Rxe5 Rxa3 32. Bf3 Ra2+ 33. Kg3 Ra3 34. Kf2 Ra2+ 35. Kg3 Ra3 36. Kf2 Ra2+ 37. Kg3 h5 38. Rd5 Be6 39. Rd3 Kg7 40. h4 Kf6 41. Rc3 Ra5 42. Kf4 Ra4 43. Rd3 Ke7 44. Rd4 Ra5 45. e5 Kf8 46. Rd6 Kg7 47. Rd4 Rb5 48. Ra4 Rc5 49. Rd4 Ra5 50. Rb4 Kh6 51. Rd4 Kg7 52. Rd6 Ra4+ 53. Rd4 Ra1 54. Bd5 Rf1+ 55. Bf3 Kh6 56. Rd8 Rh1 57. Kg3 Rf1 58. Rh8+ Kg7 59. Rd8 Re1 60. Kf4 Rh1 61. Kg3 Ra1 62. Rd4 Ra5 63. Kf4 1/2-1/2

[Event "Wch Seniors 23rd"]
[Site "Opatija"]
[Date "2013.11.22"]
[Round "10"]
[White "Gergel, Vladimir P"]
[Black "Taksrud, Vidar"]
[Result "1/2-1/2"]
[WhiteElo "2237"]
[BlackElo "2063"]
[PlyCount "120"]
[EventDate "2013.11.12"]
[EventType "swiss"]
[EventRounds "11"]
[EventCountry "CRO"]
[SourceTitle "CBM 157 Extra"]
[Source "ChessBase"]
[SourceDate "2013.12.19"]
[SourceVersion "1"]
[SourceVersionDate "2013.12.19"]
[SourceQuality "1"]

1. e4 c5 2. Nf3 Nc6 3. d4 cxd4 4. Nxd4 g6 5. Nc3 Bg7 6. Be3 Nf6 7. Be2 0-0 8. Qd2 d5 9. exd5 Nxd5 10. Nxd5 Nxd4 11. Bc4 Nf5 12. 0-0-0 Be6 13. Bb3 Bxd5 14. Qxd5 Nxe3 15. Qxd8 Rfxd8 16. fxe3 e6 17. c3 Bh6 18. Rhe1 Kf8 19. Rd4 Rxd4 20. cxd4 Ke7 21. Kc2 Rc8+ 22. Kd3 f5 23. g3 b5 24. a3 Kd6 25. e4 f4 26. e5+ Ke7 27. Ke4 Rf8 28. Re2 g5 29. g4 f3 30. Rf2 Rf4+ 31. Kd3 Rxg4 32. Rxf3 Bg7 33. Rg3 Rh4 34. h3 h5 35. Bd1 Bh6 36. b4 g4 37. hxg4 hxg4 38. Bxg4 Bc1 39. Ke4 Bxa3 40. Rxa3 Rxg4+ 41. Kf3 Rxd4 42. Rxa7+ Ke8 43. Rb7 Rxb4 44. Ke3 Rb1 45. Kd4 Rd1+ 46. Kc5 Rd5+ 47. Kc6 Rxe5 48. Kd6 Re1 49. Rxb5 Kf7 50. Rb2 Kf6 51. Rf2+ Kg5 52. Rf8 e5 53. Kd5 Re3 54. Ke6 Kg4 55. Kd5 e4 56. Kd4 Re1 57. Rf7 Kg3 58. Rf8 Re2 59. Rf7 Kg2 60. Rf8 Re1 1/2-1/2

[Event "Wch Seniors 23rd"]
[Site "Opatija"]
[Date "2013.11.21"]
[Round "9"]
[White "Chubar, Vladimir"]
[Black "Gergel, Vladimir P"]
[Result "0-1"]
[WhiteElo "2071"]
[BlackElo "2237"]
[PlyCount "46"]
[EventDate "2013.11.12"]
[EventType "swiss"]
[EventRounds "11"]
[EventCountry "CRO"]
[SourceTitle "CBM 157 Extra"]
[Source "ChessBase"]
[SourceDate "2013.12.19"]
[SourceVersion "1"]
[SourceVersionDate "2013.12.19"]
[SourceQuality "1"]

1. d4 d5 2. Nf3 c6 3. e3 Nf6 4. Bd3 Bg4 5. b3 Nbd7 6. Bb2 e6 7. Nbd2 Bd6 8. h3 Bh5 9. g4 Bg6 10. Ne5 Qc7 11. f4 Bb4 12. Bxg6 hxg6 13. c3 Be7 14. Qf3 a5 15. a4 Qb6 16. 0-0 Ne4 17. Nxe4 dxe4 18. Qg2 Nxe5 19. fxe5 Qxb3 20. Rfb1 Bg5 21. Kh2 Qd5 22. Re1 f5 23. Ba3 0-0-0 0-1

[Event "Wch Seniors 23rd"]
[Site "Opatija"]
[Date "2013.11.18"]
[Round "6"]
[White "Gergel, Vladimir P"]
[Black "Kristiansen, Jens"]
[Result "0-1"]
[WhiteElo "2237"]
[BlackElo "2407"]
[PlyCount "120"]
[EventDate "2013.11.12"]
[EventType "swiss"]
[EventRounds "11"]
[EventCountry "CRO"]
[SourceTitle "CBM 157 Extra"]
[Source "ChessBase"]
[SourceDate "2013.12.19"]
[SourceVersion "1"]
[SourceVersionDate "2013.12.19"]
[SourceQuality "1"]

1. e4 g6 2. Nf3 Bg7 3. d4 d6 4. c3 Nf6 5. Bd3 0-0 6. 0-0 Nc6 7. Bg5 h6 8. Bh4 Nh5 9. Re1 Nf4 10. Bf1 g5 11. Bg3 e5 12. dxe5 dxe5 13. Nbd2 Qf6 14. Nc4 Be6 15. Ne3 Ne7 16. Qc2 h5 17. Rad1 Nfg6 18. h3 Rae8 19. Nd2 Bh6 20. Ndc4 Nf4 21. b3 g4 22. hxg4 hxg4 23. Nd5 Nexd5 24. exd5 Bf5 25. Qb2 Bd7 26. a4 Bg7 27. Ne3 a6 28. c4 Qg5 29. c5 f5 30. c6 bxc6 31. dxc6 Bxc6 32. Bxa6 Nh5 33. Bc4+ Kh8 34. Qc1 f4 35. Nf1 Bh6 36. Bh2 g3 37. fxg3 fxg3 38. Nxg3 Qxc1 39. Rxc1 Bxc1 40. Rxc1 Nf4 41. Ne2 Rf6 42. Bxf4 exf4 43. Nd4 Bb7 44. Kf2 c5 45. Nf3 Re3 46. Rh1+ Kg7 47. Rh5 Bxf3 48. gxf3 Rd6 49. Rd5 Rxd5 50. Bxd5 Rd3 51. Bc4 Rd2+ 52. Ke1 Ra2 53. Kd1 Kf6 54. Kc1 Ke5 55. Kb1 Rf2 56. a5 Rxf3 57. a6 Rh3 58. Kb2 Kd6 59. Kc2 Kc6 60. Kd2 Re3 0-1

[Event "Wch Seniors 23rd"]
[Site "Opatija"]
[Date "2013.11.15"]
[Round "4"]
[White "Gergel, Vladimir P"]
[Black "Nickl, Klaus"]
[Result "1/2-1/2"]
[WhiteElo "2237"]
[BlackElo "2122"]
[PlyCount "52"]
[EventDate "2013.11.12"]
[EventType "swiss"]
[EventRounds "11"]
[EventCountry "CRO"]
[SourceTitle "CBM 157 Extra"]
[Source "ChessBase"]
[SourceDate "2013.12.19"]
[SourceVersion "1"]
[SourceVersionDate "2013.12.19"]
[SourceQuality "1"]

1. e4 e5 2. Nf3 Nc6 3. Bb5 a6 4. Ba4 Nf6 5. 0-0 Be7 6. d3 b5 7. Bb3 d6 8. a3 0-0 9. Be3 Bg4 10. Nc3 Na5 11. Ba2 c5 12. h3 Be6 13. Nd5 Nxd5 14. exd5 Bd7 15. b4 cxb4 16. axb4 Nb7 17. Qd2 Kh8 18. Rac1 a5 19. bxa5 Qxa5 20. Bb3 f5 21. Qxa5 Nxa5 22. Ba2 f4 23. Bd2 Nb7 24. Bb1 Ra4 25. c4 Na5 26. Bc2 Ra2 1/2-1/2

[Event "Wch Seniors 23rd"]
[Site "Opatija"]
[Date "2013.11.13"]
[Round "2"]
[White "Gergel, Vladimir P"]
[Black "Bauza Mercere, Eduardo"]
[Result "1-0"]
[WhiteElo "2237"]
[BlackElo "1811"]
[PlyCount "35"]
[EventDate "2013.11.12"]
[EventType "swiss"]
[EventRounds "11"]
[EventCountry "CRO"]
[SourceTitle "CBM 157 Extra"]
[Source "ChessBase"]
[SourceDate "2013.12.19"]
[SourceVersion "1"]
[SourceVersionDate "2013.12.19"]
[SourceQuality "1"]

1. e4 e6 2. d3 d5 3. Qe2 Be7 4. Nf3 c5 5. g3 Nc6 6. Bg2 Nf6 7. 0-0 0-0 8. e5 Nd7 9. c4 Re8 10. Re1 Nf8 11. h4 Qd7 12. Nc3 Nd4 13. Qd1 Nxf3+ 14. Qxf3 d4 15. Ne4 Rb8 16. h5 b5 17. Qg4 f5 18. exf6 1-0

[Event "Pardubice Czech op-A 24th"]
[Site "Pardubice"]
[Date "2013.07.26"]
[Round "8"]
[White "Gergel, Vladimir P"]
[Black "Seyb, Alexander"]
[Result "1-0"]
[WhiteElo "2229"]
[BlackElo "2380"]
[PlyCount "79"]
[EventDate "2013.07.19"]
[EventType "swiss"]
[EventRounds "9"]
[EventCountry "CZE"]
[SourceTitle "CBM 155 Extra"]
[Source "ChessBase"]
[SourceDate "2013.08.26"]
[SourceVersion "1"]
[SourceVersionDate "2013.08.26"]
[SourceQuality "1"]

1. e4 c5 2. Nf3 d6 3. d4 cxd4 4. Nxd4 Nf6 5. Nc3 a6 6. Be3 e5 7. Nb3 Be7 8. h3 Be6 9. f4 exf4 10. Bxf4 Nc6 11. Qe2 Ne5 12. 0-0-0 Qc7 13. Kb1 b5 14. g4 0-0 15. g5 Nfd7 16. Nd5 Bxd5 17. exd5 Rfe8 18. Bc1 Bf8 19. h4 b4 20. h5 g6 21. hxg6 hxg6 22. Rd4 Bg7 23. Rxb4 a5 24. Rbh4 a4 25. Nd4 a3 26. b3 Nc5 27. Qh2 Kf8 28. Bb5 Reb8 29. Bc6 Na4 30. Qd2 Nxc6 31. dxc6 Ra6 32. c4 Rxc6 33. Rh8+ Ke7 34. Nxc6+ Qxc6 35. Re1+ Kd7 36. Rxb8 Nc3+ 37. Kc2 Qf3 38. Rbe8 Nxa2 39. R1e7+ Kc6 40. Qd5+ 1-0

[Event "Pardubice Czech op-A 24th"]
[Site "Pardubice"]
[Date "2013.07.23"]
[Round "5"]
[White "Suran, Jan"]
[Black "Gergel, Vladimir P"]
[Result "1-0"]
[WhiteElo "2362"]
[BlackElo "2229"]
[PlyCount "185"]
[EventDate "2013.07.19"]
[EventType "swiss"]
[EventRounds "9"]
[EventCountry "CZE"]
[SourceTitle "CBM 155 Extra"]
[Source "ChessBase"]
[SourceDate "2013.08.26"]
[SourceVersion "1"]
[SourceVersionDate "2013.08.26"]
[SourceQuality "1"]

1. e4 e5 2. Nf3 Nc6 3. Bb5 a6 4. Ba4 Nf6 5. 0-0 b5 6. Bb3 Bc5 7. c3 d6 8. d4 Bb6 9. Be3 0-0 10. Nbd2 Re8 11. Re1 h6 12. h3 Bd7 13. Bc2 Nh7 14. Nf1 Nf8 15. Ng3 Qf6 16. Nh5 Qe7 17. Qd2 Kh7 18. Rad1 Rad8 19. a3 Ng6 20. Bb3 Na5 21. Ba2 Nc4 22. Bxc4 bxc4 23. Ng3 Ba4 24. Rc1 Rb8 25. Qe2 Nf4 26. Bxf4 exf4 27. Nh5 f5 28. e5 dxe5 29. Nxf4 e4 30. Ne5 Bb5 31. Qh5 Qg5 32. Qxg5 hxg5 33. Nd5 Kh6 34. Ra1 a5 35. Rad1 g6 36. Nf7+ Kg7 37. Nxg5 Ba4 38. Rd2 c6 39. Nxb6 Rxb6 40. Re3 Kf6 41. h4 Reb8 42. Ree2 Rh8 43. g3 Re8 44. Kg2 Bb3 45. Re1 Ba2 46. Ra1 Bb3 47. Re1 Reb8 48. f3 Ba2 49. Ra1 Bb3 50. fxe4 Ba4 51. b4 cxb3 52. e5+ Ke7 53. Rb2 Bb5 54. Rd1 Bc4 55. a4 Rd8 56. Kf2 Rb7 57. Ke3 Rbd7 58. Nh3 Rg8 59. Rdd2 Rb7 60. Ng5 Rbb8 61. Nh3 Rbf8 62. Rh2 Rf7 63. Ng5 Rfg7 64. Nf3 Be6 65. Kd3 Rf8 66. Ng5 Bg8 67. e6 f4 68. gxf4 Rxf4 69. Rxb3 Kd6 70. Ke3 Rf1 71. Rf2 Rh1 72. c4 Rxh4 73. Ne4+ Rxe4+ 74. Kxe4 Bxe6 75. c5+ Kc7 76. Rb6 Bc8 77. Rf6 Bb7 78. Rb2 Bc8 79. Rb6 Bb7 80. Rb2 Bc8 81. Kf3 Bf5 82. Rb6 Bd7 83. Ra6 Kb7 84. Rb6+ Kc7 85. Ra6 Kb7 86. Rxa5 g5 87. Kg2 Re7 88. Rf2 Re4 89. Rb2+ Kc8 90. Ra8+ Kc7 91. Ra7+ Kd8 92. Rb8+ Ke7 93. d5 1-0

[Event "Pardubice Czech op-A 24th"]
[Site "Pardubice"]
[Date "2013.07.21"]
[Round "3"]
[White "Nun, Jiri"]
[Black "Gergel, Vladimir P"]
[Result "1/2-1/2"]
[WhiteElo "2387"]
[BlackElo "2229"]
[PlyCount "84"]
[EventDate "2013.07.19"]
[EventType "swiss"]
[EventRounds "9"]
[EventCountry "CZE"]
[SourceTitle "CBM 155 Extra"]
[Source "ChessBase"]
[SourceDate "2013.08.26"]
[SourceVersion "1"]
[SourceVersionDate "2013.08.26"]
[SourceQuality "1"]

1. e4 d5 2. exd5 Qxd5 3. Nc3 Qd6 4. g3 c6 5. d4 Nf6 6. Bg2 Bg4 7. Nge2 e6 8. 0-0 Qd8 9. h3 Bh5 10. a3 Nbd7 11. f4 h6 12. g4 Bg6 13. f5 exf5 14. gxf5 Bh5 15. Qd3 Bxe2 16. Qxe2+ Be7 17. Re1 Nb6 18. Qe5 Kf8 19. Qf4 Bd6 20. Qf3 Bc7 21. Ne2 Kg8 22. b3 Kh7 23. c4 Re8 24. Be3 Qd7 25. Nc3 Qd6 26. Kf1 Qd7 27. Bf2 Rxe1+ 28. Rxe1 Re8 29. Rxe8 Qxe8 30. Ne4 Nbd7 31. Nd2 a5 32. b4 axb4 33. axb4 Qe7 34. c5 Nd5 35. b5 N7f6 36. bxc6 bxc6 37. Ne4 Nxe4 38. Qxe4 Qg5 39. Bf3 Qc1+ 40. Qe1 Qc4+ 41. Qe2 Qc1+ 42. Qe1 Qc4+ 1/2-1/2

[Event "Pardubice op rap 24th"]
[Site "Pardubice"]
[Date "2013.07.18"]
[Round "7"]
[White "Gergel, Vladimir P"]
[Black "Krouzel, Jaroslav"]
[Result "1-0"]
[WhiteElo "2229"]
[BlackElo "2159"]
[PlyCount "67"]
[EventDate "2013.07.17"]
[EventType "swiss (rapid)"]
[EventRounds "9"]
[EventCountry "CZE"]
[SourceTitle "CBM 155 Extra"]
[Source "ChessBase"]
[SourceDate "2013.08.26"]
[SourceVersion "1"]
[SourceVersionDate "2013.08.26"]
[SourceQuality "1"]

1. e4 e6 2. d4 d5 3. e5 c5 4. Qg4 cxd4 5. Nf3 Nc6 6. Bd3 Nb4 7. 0-0 Ne7 8. Bg5 h6 9. Bxe7 Qxe7 10. Nbd2 g6 11. a3 Nxd3 12. cxd3 Bd7 13. Nxd4 Bg7 14. f4 0-0 15. Kh1 Rac8 16. Qe2 f5 17. exf6 Qxf6 18. N2f3 Qxf4 19. Nxe6 Bxe6 20. Qxe6+ Qf7 21. Qe2 Rfe8 22. Qd2 Qf6 23. d4 Qd6 24. Ne5 Bxe5 25. dxe5 Qxe5 26. Qxh6 Qg7 27. Qd2 d4 28. Rf4 Rcd8 29. Qd3 g5 30. Qc4+ Kh8 31. Rf7 Rc8 32. Qd5 Re5 33. Qd7 Rce8 34. Qh3+ 1-0